Catalogue de la Bibliothèque de l'ENSA

Clay in engineering geology (notice nᵒ 11735)

détails MARC
000 -LEADER
fixed length control field 00597nam a2200193Ia 4500
008 - FIXED-LENGTH DATA ELEMENTS--GENERAL INFORMATION
fixed length control field 160105s9999 xx 000 0 und d
020 ## - INTERNATIONAL STANDARD BOOK NUMBER
International Standard Book Number 978-2-10-057671-5
041 ## - LANGUAGE CODE
Language code of text/sound track or separate title eng
245 ## - TITLE STATEMENT
Title Clay in engineering geology
260 ## - PUBLICATION, DISTRIBUTION, ETC.
Name of publisher, distributor, etc Elsevier
260 ## - PUBLICATION, DISTRIBUTION, ETC.
Date of publication, distribution, etc 1987
300 ## - PHYSICAL DESCRIPTION
Other physical details ill., réf., tabl., graph.
490 ## - SERIES STATEMENT
Series statement Developments geotechnical engineering
500 ## - GENERAL NOTE
General note Cote d'origine affectée par la BC : BC_626 68 devient SS_552.52 GI
654 ## - SUBJECT ADDED ENTRY--FACETED TOPICAL TERM
General subdivision SOL/ARGILE/CLASSIFICATION/GEOMORPHOLOGIE/SORPTION DU SOL/POROSITE DU SOL
942 ## - ADDED ENTRY ELEMENTS (KOHA)
Koha item type Ouvrage
994 ## -
-- 111887
Exemplaires
Withdrawn status Lost status Damaged status Use restrictions Not for loan Home library Current library Cost, normal purchase price Shelving control number Total Checkouts Total Renewals Total Holds Full call number Barcode Cost, replacement price Koha item type
          Département de Sciences du Sol Département de Sciences du Sol 0.00         SS_552.52 GIL SS_552.52 GIL 0.00 Ouvrage

Adresse: Ecole Nationale Supérieure Agronomique Hassen Badi - El Harrach Alger, Algérie

Tél +213 (0) 23 82 85 07+213 (0) 23 82 85 12 Fax +213 23 82 85 03/04 Courriel: bibliotheque@edu.ensa.dz